| 000 | 01161nas a2200325 4500 | ||
|---|---|---|---|
| 001 | BR2013006848 | ||
| 003 | BR-BrBNA | ||
| 005 | 20231205122840.0 | ||
| 007 | ta | ||
| 008 | 230509b bl.|||p| |||| 00| 00por d | ||
| 040 |
_aBR-BrBNA _bpor _cBiblioteca Nacional de Agricultura |
||
| 041 | _a(Pt) | ||
| 072 | _aF40 | ||
| 100 | 1 | _aLeite, H.G. | |
| 100 | 1 | _aAlcântara, A.E.M. de | |
| 100 | 1 | _aBinot, D.H.B. | |
| 100 | 1 | _aOliveira Neto, R.R. de | |
| 100 | 1 | _aSilva, M.L.M. da | |
| 245 | 1 | _aComparação entre predição e projeção da distribuição de diâmetros de povoamentos de eucalipto submetidos a desbastes | |
| 246 | 1 | _aComparison between prediction and projection of the distribution of diameters of eucalypt stands submitted to thinning | |
| 650 | _aFLORESTA | ||
| 650 | _aEUCALIPTO | ||
| 650 | _aDIÂMETRO | ||
| 650 | _aDESBASTE | ||
| 650 | _aPOPULAÇÃO DE PLANTA | ||
| 773 | 0 |
_tRevista Árvore (Brazil) _xISSN 0100-6762 _g(Mar-Apr 2013), v. 37(2) p. 321-328 _wBR2013006848 |
|
| 856 | 4 |
_uhttp://www.scielo.br/pdf/rarv/v37n2/13.pdf _yRecurso eletrônico (PDF) |
|
| 909 |
_a202311 _bLúcia _c55 _dLúcia Elande |
||
| 942 |
_2AGRIS _n0 _cANA |
||
| 999 |
_c230903 _d230903 |
||